[Event "Torneo Internazionale"]
[Site "Marina Romea - Ravenna ITA"]
[Date "1978.08.??"]
[Round "4"]
[White "Belkadi, Ridha"]
[Black "Rosino, Antonio"]
[WhiteElo "2350"]
[BlackElo "2295"]
[Result "0-1"]
[PlyCount "130"]
[EventDate "1978.08.18"]

1. c4 e5 2. Nc3 d6 3. g3 Be6 4. Bg2 c6 5. d3 Nf6 6. Nf3 Be7 7. b3 d5 8. cxd5
cxd5 9. O-O Nc6 10. Bb2 O-O 11. e4 d4 12. Ne2 Nd7 13. Ne1 Nc5 14. f4 f6 15. f5
Bf7 16. g4 Qb6 17. Bc1 Nb4 18. Bb2 Nxa2 19. Rxa2 Bxb3 20. Qa1 Bxa2 21. Qxa2+
Qb3 22. Nc1 Qxa2 23. Nxa2 Na4 24. Rf2 Rfc8 25. Bf3 Nc3 26. Bxc3 dxc3 27. Rc2
Bc5+ 28. Kf1 Bd4 29. Rc1 b5 30. Bd1 a5 31. Bb3+ Kf8 32. Nc2 Ke7 33. Rb1 Ra7 34.
Ke2 Rb8 35. Kd1 Rab7 36. Bd5 Rb6 37. Nxd4 exd4 38. Kc2 Kd6 39. Kb3 Kc5 40. Ka3
g6 41. Nc1 Kd6 42. Kb3 Ke5 43. Ne2 Rc8 44. h4 Rc7 45. fxg6 hxg6 46. Rf1 b4 47.
Ka4 b3 48. Bxb3 Rcb7 49. Nc1 Rb4+ 50. Ka3 a4 51. Bd5 Rb8 52. Ba2 Rb2 53. h5
gxh5 54. gxh5 Kd6 55. Rxf6+ Ke7 56. Rf1 Rh2 57. e5 c2 58. e6 Rb1 59. Rg1 Rxh5
60. Rg7+ Kd6 61. Rg1 Rh7 62. Re1 Rhb7 63. Rf1 R7b3+ 64. Nxb3 Rxf1 65. Kxa4 Rb1
0-1

[Event "VII Festival"]
[Site "Marina Romea - Ravenna ITA"]
[Date "1978.08.??"]
[Round "?"]
[White "Karaklajic, Nikola"]
[Black "Witkowski, Stefan"]
[WhiteElo "2460"]
[BlackElo "2365"]
[Result "1-0"]
[PlyCount "79"]
[EventDate "1978.08.18"]

1. e4 c5 2. Nf3 Nc6 3. d4 cxd4 4. Nxd4 Nf6 5. Nc3 e6 6. Ndb5 Bb4 7. a3 Bxc3+ 8.
Nxc3 d5 9. exd5 exd5 10. Bd3 d4 11. Qe2+ Be6 12. Ne4 Nxe4 13. Qxe4 Qa5+ 14. Bd2
Qh5 15. Qe2 Qxe2+ 16. Kxe2 O-O 17. Bf4 Bd5 18. Kd2 Rfe8 19. f3 Ne5 20. Bxe5
Rxe5 21. Rae1 Rae8 22. Bb5 R8e6 23. Rxe5 Rxe5 24. Re1 f6 25. Rxe5 fxe5 26. c3
dxc3+ 27. Kxc3 Kf7 28. Bd3 h6 29. Kb4 g5 30. Kc5 Ke6 31. Be4 b6+ 32. Kb5 Bb3
33. Kc6 h5 34. Bh7 Ke7 35. Bg6 h4 36. Be4 Ke6 37. g3 Ke7 38. Bh7 Bd1 39. Kd5
Kf6 40. Be4 1-0

[Event "VII Festival"]
[Site "Marina Romea - Ravenna ITA"]
[Date "1978.08.??"]
[Round "?"]
[White "Taruffi, Daniele"]
[Black "Gliksman, Darko"]
[WhiteElo "2340"]
[BlackElo "2320"]
[Result "1-0"]
[PlyCount "65"]
[EventDate "1978.08.18"]

1. e4 c5 2. c4 Nc6 3. Nc3 Nf6 4. Rb1 e6 5. d3 d5 6. Bg5 d4 7. Nce2 e5 8. Bd2
Be7 9. g3 h5 10. Bg2 h4 11. f4 hxg3 12. hxg3 Rxh1 13. Bxh1 Ng4 14. Bf3 exf4 15.
gxf4 Bd6 16. Kf1 g5 17. b4 gxf4 18. bxc5 Bc7 19. Nxf4 Bxf4 20. Bxg4 Bxd2 21.
Bxc8 Rxc8 22. Qxd2 Qf6+ 23. Qf2 Qxf2+ 24. Kxf2 Rc7 25. Nf3 Ke7 26. Nh4 Ne5 27.
Ke2 Ke6 28. Nf5 Rd7 29. Rh1 Rc7 30. Nxd4+ Kd7 31. Nb3 a5 32. a4 Rc6 33. Rh5 1-0